000
00319nam a22001337a 4500
003
OSt
005
20230608091633.0
008
220920b xxu||||| |||| 00| 0 eng d
040
_c
IIMT UNIVERSITY, MEERUT
245
_a
TEN BEST BOOKS
260
_a
RDI PUB. PVT. LTD.
_b
NEW YORK
_c
1992
300
_a
230
942
_2
ddc
_c
09
999
_c
55607
_d
55607